000 00561nam a22001817a 4500
003 UA-OsUOA
001 8523
007 ta
008 20040827b un ||||| |||| 00| 0 ukr d
100 _aЩегельська Т.
942 _cSA
040 _aUA-OsUOA
_cUA-OsUOA
_dUA-OsUOA
245 _aСвято трудів : [Про збірку поезії В. Давиденко " Флейта Евтерпи " ]
300 _aС.6
955 _a0
773 0 _w0
_tЛітературна Украіна
_dКиїв
_d2004
_g№33
650 7 _aДавиденко В.
_2UDC
999 _c294684
_d294684